Troppa polvere in una città dove piove poco e male /
Gespeichert in:
| 1. Verfasser: | |
|---|---|
| Format: | Buch |
| Sprache: | Italienisch |
| Veröffentlicht: |
[Roma] :
il Caso e il Vento,
c2009
|
| Schriftenreihe: | I corti. Narrativa
|
| Tags: |
Keine Tags, Fügen Sie das erste Tag hinzu!
|
MARC
| LEADER | 00000nam a22000007i 4500 | ||
|---|---|---|---|
| 001 | IT\ICCU\UBO\3684777 | ||
| 003 | ItRI | ||
| 005 | 20260115232202.0 | ||
| 008 | 090908s2009 it |||||| ||||| |||||c | ||
| 020 | |a 9788896306048 | ||
| 020 | |b (err.) |z 9788896306017 |b (err.) | ||
| 040 | |b ita |c importazione bologna sebina | ||
| 041 | 7 | |a ita |2 ISO-639-2 | |
| 100 | 1 | |a Barone, Maria |0 IT\ICCU\INTV\039939 |4 aut | |
| 245 | 1 | 0 | |a Troppa polvere in una città dove piove poco e male / |c Maria Barone ; prefazione di Paola Ducci. |
| 260 | |a [Roma] : |b il Caso e il Vento, |c c2009 | ||
| 300 | |a 125 p. ; |c 17 cm. | ||
| 830 | 2 | |a I corti. Narrativa |0 IT\ICCU\BVE\0471366 | |
| 942 | |2 ddc |c BK |n 0 | ||
| 952 | |0 0 |1 0 |4 0 |6 L_853_920000000000000_BAR |7 0 |9 21591 |a BO |b BO |d 2026-01-15 |i 13013 |l 0 |o L 853.92 BAR |p BO13013 |r 2026-01-15 23:22:03 |w 2026-01-15 |x [Sebina 5] [1 v.] |y BK |z 1 v. | ||
| 999 | |c 18438 |d 18438 | ||